Can You Identify These Languages? - Statistics

General Stats
  • This quiz has been taken 400 times
  • The average score is 22 of 40
Answer Stats
Phrase Language % Correct
Bonjour tout le monde French
98%
Здравствуйте! Приветствую Вас! Russian
98%
تحياتنا للأصدقاء في النجوم. يا ليت يجمعنا الزمان Arabic
97%
Hola y saludos a todos Spanish
96%
Paz e felicidade a todos Portuguese
93%
Hello from the children of planet Earth English
91%
各位都好吧?我们都很想念你们,有空请到这儿来玩 Mandarin
90%
안녕하세요 Korean
87%
こんにちは。お元気ですか? Japanese
86%
Herzliche Grüße an alle German
85%
Sayın Türkçe bilen arkadaşlarımız, sabah şerifleriniz hayrolsun Turkish
85%
สวัสดีค่ะ สหายในธรณีโพ้น พวกเราในธรณีนี้ขอส่งมิตรจิตมาถึงท่านทุกคน Thai
84%
שלום Hebrew
79%
Witajcie, istoty z zaświatów. Polish
77%
Chân thành gửi tới các bạn lời chào thân hữu Vietnamese
76%
Hartelijke groeten aan iedereen Dutch
74%
धरती के वासियों की ओर से नमस्कार Hindi
68%
Hälsningar från en dataprogrammerare i den lilla universitetsstaden Ithaca på planeten Jorden Swedish
68%
Salutări la toată lumea Romanian
60%
Üdvözletet küldünk magyar nyelven minden békét szerető lénynek a Világegyetemen Hungarian
59%
Tanti auguri e saluti Italian
57%
Selamat malam hadirin sekalian, selamat berpisah dan sampai bertemu lagi dilain waktu Indonesian
54%
Milí přátelé, přejeme vám vše nejlepší Czech
49%
السلام و عليکم ـ ہم زمين کے رہنے والوں کى طرف سے آپ کو خوش آمديد کہتے ھيں Urdu
47%
Iechyd da i chi yn awr, ac yn oesoedd Welsh
47%
নমস্কার, বিশ্বের শান্তি হোক Bengali
44%
နေကောင်းပါသလား Burmese
38%
Բոլոր անոնց որ կը գտնուին տիեզերգի միգամածութիւնէն անդին, ողջոյններ Armenian
37%
ਆਓ ਜੀ, ਜੀ ਆਇਆਂ ਨੂੰ Punjabi
31%
ආයුබෝවන්! Sinhala
25%
Ni strebas vivi en paco kun la popoloj de la tuta mondo, de la tuta kosmo. Esperanto
21%
Siya nibingelela maqhawe sinifisela inkonzo ende. Zulu
21%
પૃથ્વી ઉપર વસનાર એક માનવ તરફથી બ્રહ્માંડના અન્ય અવકાશમાં વસનારાઓને હાર્દિક અભિનંદન. આ સંદેશો મળ્યે, વળતો સંદેશો મોકલાવશો. Gujarati
18%
ସୂର୍ଯ୍ୟ ତାରକାର ତୃତୀୟ ଗ୍ରହ ପୃଥିବୀରୁ ବିଶ୍ୱବ୍ରହ୍ମାଣ୍ଡର ଅଧିବାସୀ ମାନଙ୍କୁ ଅଭିନନ୍ଦନ Odia
15%
Kay pachamamta niytapas maytapas rimapallasta runasimipi Quechua
11%
𐡌𐡋𐡔 Aramaic
9%
Mulibwanji imwe boonse bantu bakumwamba. Nyanja
6%
Reani lumelisa marela. Sotho
4%
Musulayo mutya abantu bensi eno mukama abawe emirembe bulijo. Ganda
3%
Mypone kaboutu noose. Ila
1%
No matching quizzes found
Score Distribution
Percent of People with Each Score
Percentile by Number Answered
Your Score History
You have not taken this quiz